MDQL
is popping MORE tags! Check the
thread
!
Quizzes
Events
Quiz Creation
Community
Videos
Private Events
Remove Ads
Sign In
Join for FREE
Feedback
Dark Mode
Quiz Categories
Sports
Geography
Music
Movies
Television
Just For Fun
Miscellaneous
History
Literature
Language
Science
Gaming
Entertainment
Religion
Holiday
For Kids
Quiz Lab
Recent
Popular Today
Quiz Kudos Today
Editor Picks
Curator Picks
Quizzes by...
Day
Popularity
Type
Ratings
Length
Year
Community
Subscriptions
Recent Discussions
Orange Saloon
Badges
Playlists
Quests
Create
Leaderboards
Showdown
Live 5
Trivia Bingo
Activity
Puzzle Library
Sporcle Events
Private Events
Virtual Trivia
Globe League
Become a Host
Pub Owners
SporcleCon
Opinionation
Our Games
Videos
Blog
Mobile Apps
Partnerships
Remove Ads and Go Orange
Feedback
Movies
Disney
Marvel Cinematic Universe
Movie Resume
Movie Titles
Oscar
Actor
Actress
Director
Pixar
Role
Movie Quotes
Movie Characters
Box Office
Nominee
Best Picture
Star Wars
James Bond
Horror Movies
Movies
Disney
Marvel Cinematic Universe
Movie Resume
Movie Titles
Oscar
Actor
Actress
Director
Pixar
Role
Movie Quotes
Movie Characters
Box Office
Nominee
Best Picture
Star Wars
James Bond
Horror Movies
Random Quiz
Search Sporcle
×
Quiz Lab
Quiz Lab
Movies
Disney
Type in answers that appear in a list
Type in answers that appear in a list
Classic
Best Score? Go Orange.
Disney Movies: Top 30 Stats
Can you name the top 30 Disney movies polled
By
zml15
10m
30 Questions
433 Plays
433 Plays
433 Plays
Comments
Comments
Give Quiz Kudos
Give Quiz Kudos
-
- Ratings
hide this ad
More Info
Replay
Link that replays current quiz
Next Quiz
Link to next quiz in quiz playlist
You Got
0%
They Got
Avg Score
66%
Avg Friend Score
Upgrade to see
Score Distribution
Jump to the score distribution portion of the page
Score
0/30
Timer
10:00
0
Plays Today
Number Polled
Movie
% Correct
5
Snow White and the Seven Dwarfs
92.8%
8
Cinderella
91.7%
1
Beauty and the Beast
90.5%
2
The Lion King
88.4%
12
Sleeping Beauty
88%
4
The Little Mermaid
85.9%
10
Aladdin
85.2%
19
Mulan
82.6%
15
Dumbo
75.9%
30
Pocahontas
75.7%
3
Pinocchio
74.3%
23
Fantasia
72.7%
27
The Jungle Book
70.6%
14
Bambi
70.1%
28
Hercules
68.8%
Number Polled
Movie
% Correct
6
Peter Pan
68.8%
17
Tarzan
68.5%
16
Lady and the Tramp
62.7%
20
The Hunchback of Notre Dame
61.3%
18
The Princess and the Frog
60.9%
25
Robin Hood
60.4%
26
The Aristocats
60%
22
101 Dalmatians
58.6%
11
Alice in Wonderland
57.9%
24
The Fox and the Hound
52.5%
7
The Many Adventures of Winnie the Pooh
43.1%
13
Winnie the Pooh
41.2%
21
The Emperors New Groove
38.2%
29
Brother Bear
33.1%
9
Wreck-It Ralph
23.1%
Quiz Playlist
Details
Report
Send in Message
Add To Playlist
More Info:
Name the top 30 Disney Animated canon movies as polled by whatculture.com
Classic:
Type in answers that appear in a list
Quiz Source
Last Updated: Feb 16, 2017
Quiz Scoreboard
CHALLENGE
Sign Up to Join the Scoreboard
Show All
Scores
Hide
Comments
May contain spoilers
Recently Published
Holiday 10x10 Sorting Gallery
by lukepisani3
Holiday
15m
Two Season TV Shows II
by 123Four
Television
10m
Image Sorting: Flags VI
by Barbecue
Geography
2m
More to Explore
Quiz From the Vault
Featured Blog Post
14 Easter Pick-up Lines to Find Eggs With
hide this ad
You Might Also Like...
Tags
Disney Quiz
Disney Films
Disneyland
Disney Songs
Disney World
Top-Earning
Top-ranked
Top-rated
Top 10
Top Level
Today's Top Quizzes in Movies
Browse Movies
hide this ad
Today's Top Quizzes in Disney
Browse Disney
Top Contributed Quizzes in Movies
1
The ultimate James Bond movie quiz
2
Find The 'Big' Movie
3
Find The 'Wild' Movie
4
Find The 'Blue' Movie
5
Movies By Plot
6
Hidden Star Wars Character II
7
Hidden Star Wars Character III
8
25 Best Actor Nominees (1990s)
9
Hidden Star Wars Character IV
10
Pick 5 Posters: Directed by Spielberg
Explore More
Trending Topics
Disney
Marvel
Anime
Crossword
Kpop
Harry Potter
NBA
Country
WWE
NFL
The Office
Soccer
Pokémon
Puzzle
Song
hide this ad
More By:
zml15
Quiz
Plays
Rating
Category
Featured
Created
Pixar Movies: Oldest to Newest
3,498,712
4.09
Movies
Apr 13, 2012
Percy Jackson vs. Harry Potter
18,563
3.10
Literature
Dec 20, 2010
Disney/Pixar Alter-Egos
11,396
4.19
Movies
Apr 10, 2014
Owning Up to Disney Music
10,903
4.42
Movies
Nov 22, 2013
Super Smash Bros. Brawl Roster Order
9,290
2.14
Gaming
Feb 19, 2011
Go to Creator's Profile
Score Distribution
Quiz Creator Spotlight
zml15
Follow
Send a Message
Quizzes Created
-
Created Quiz Play Count
-
More By This Creator
Popular Quizzes Today
1
Find the US States - No Outlines Minefield
2
Colored Red Africa Blitz
3
Find the 'City' Movie
4
The Countries of the World
5
5x2 Blitz: Bands
6
Find the Countries of Europe - No Outlines Minefield
7
Find the US States
8
US States
More Movies Quizzes
Movies Crossword V
Quiz Lab
Trending Quizzes
Colored Red Europe Blitz I
Colored Red Europe Blitz II
Colored Red Africa Blitz II
Even More Two Season TV Shows
Colored Red Africa Blitz III
Recently Updated
Odd Team Out - Big 4 Players
pecheneg
Quick Pick: 20 Twenties
pecheneg
March Madness Men's Triple Doubles
pecheneg
How Do You Spell That?
pecheneg
Godzilla Movies
pecheneg
Grab Bag: 4-10 Letters
pecheneg
2024 March Madness Bracket
pecheneg
Famous TV Couples
Peacemaker
Champions League XIs: Real Madrid
pecheneg
Largest US Cities 1790-2010
pecheneg
Trending Topics
Marvel
Harry Potter
Crossword
NBA
Disney
Kpop
Anime
Pokémon
The Office
WWE
Puzzle
Song
Country
Soccer
NFL
Your Account Isn't Verified!
In order to create a playlist on Sporcle, you need to verify the email address you used during registration. Go to your
Sporcle Settings
to finish the process.
Report this User
Report this user for behavior that violates our
Community Guidelines
.
Details:
Send Report
Go to the Sporcle.com Mobile Site →
Comments